| 000 -LEADER |
| fixed length control field |
01863cam a2200313 a 4500 |
| 001 - CONTROL NUMBER |
| control field |
14382822 |
| 003 - CONTROL NUMBER IDENTIFIER |
| control field |
OSt |
| 005 - DATE AND TIME OF LATEST TRANSACTION |
| control field |
20251126140340.0 |
| 008 - FIXED-LENGTH DATA ELEMENTS--GENERAL INFORMATION |
| fixed length control field |
060519s2006 nyu 000 1 eng |
| 010 ## - LIBRARY OF CONGRESS CONTROL NUMBER |
| LC control number |
2006048135 |
| 020 ## - INTERNATIONAL STANDARD BOOK NUMBER |
| International Standard Book Number |
9780755334148 |
| 035 ## - SYSTEM CONTROL NUMBER |
| System control number |
14382822 |
| 035 ## - SYSTEM CONTROL NUMBER |
| System control number |
(OCoLC)69241597 |
| 040 ## - CATALOGING SOURCE |
| Original cataloging agency |
DLC |
| Transcribing agency |
DLC |
| Modifying agency |
IG# |
| -- |
BAKER |
| -- |
NPL |
| -- |
UPZ |
| -- |
YDXCP |
| -- |
OCLCQ |
| -- |
IXA |
| -- |
DLC |
| -- |
KH8 |
| 082 ## - DEWEY DECIMAL CLASSIFICATION NUMBER |
| Classification number |
FIC GAI |
| 100 1# - MAIN ENTRY--PERSONAL NAME |
| Personal name |
Gaiman, Neil, |
| Relator term |
author. |
| 245 10 - TITLE STATEMENT |
| Title |
Fragile things : |
| Remainder of title |
short fictions and wonders / |
| Statement of responsibility, etc. |
Neil Gaiman. |
| 250 ## - EDITION STATEMENT |
| Edition statement |
1st ed. |
| 260 ## - PUBLICATION, DISTRIBUTION, ETC. |
| Place of publication, distribution, etc. |
New York : |
| Name of publisher, distributor, etc. |
William Morrow, |
| Date of publication, distribution, etc. |
c2006. |
| 300 ## - PHYSICAL DESCRIPTION |
| Extent |
440 p. : |
| Other physical details |
iil. ; |
| Dimensions |
24 cm. |
| 336 ## - CONTENT TYPE |
| Content type term |
text |
| Content type code |
txt |
| Source |
rdacontent |
| 337 ## - MEDIA TYPE |
| Media type term |
unmediated |
| Media type code |
n |
| Source |
rdamedia |
| 338 ## - CARRIER TYPE |
| Carrier type term |
volume |
| Carrier type code |
nc |
| Source |
rdacarrier |
| 505 00 - FORMATTED CONTENTS NOTE |
| Miscellaneous information |
Introduction -- |
| Title |
A study in emerald -- |
| -- |
The fairy reel -- |
| -- |
October in the chair -- |
| -- |
The hidden chamber -- |
| -- |
Forbidden brides of the faceless slaves in the secret house of the night of dread desire -- |
| -- |
The flints of memory lane -- |
| -- |
Closing time -- |
| -- |
Going wodwo -- |
| -- |
Bitter grounds -- |
| -- |
Other people -- |
| -- |
Keepsakes and treasures -- |
| -- |
Good boys deserve favors -- |
| -- |
The facts in the case of the departure of Miss Finch -- |
| -- |
Strange little girls -- |
| -- |
Harlequin valentine -- |
| -- |
Locks -- |
| -- |
The problem of Susan -- |
| -- |
Instructions -- |
| -- |
How do you think it feels? -- |
| -- |
My life -- |
| -- |
Fifteen painted cards from a vampire tarot -- |
| -- |
Feeders and eaters -- |
| -- |
Diseasemaker's group -- |
| -- |
In the end -- |
| -- |
Goliath -- |
| -- |
Pages from a journal found in a shoebox left in a Greyhound bus somewhere between Tulsa, Oklahoma, and Louisville, Kentucky -- |
| -- |
How to talk to girls at parties -- |
| -- |
The day the saucers came -- |
| -- |
Sunbird -- |
| -- |
Inventing Aladdin -- |
| -- |
The monarch of the glen -- |
| Miscellaneous information |
Credits. |
| 655 #7 - INDEX TERM--GENRE/FORM |
| Genre/form data or focus term |
Fantasy fiction. |
| Source of term |
gsafd |
| 655 #7 - INDEX TERM--GENRE/FORM |
| Genre/form data or focus term |
Horror fiction. |
| Source of term |
gsafd |
| 942 ## - ADDED ENTRY ELEMENTS (KOHA) |
| Source of classification or shelving scheme |
|
| Koha item type |
Books - Fiction |